| 000 | 00360 a2200133 4500 | ||
|---|---|---|---|
| 082 | _a621.3845 | ||
| 090 |
_c4481 _d4481 |
||
| 100 | _a Qualcomm | ||
| 245 |
_aCDMA 2000 1X Release 0 (Student Guide) _cQualcomm |
||
| 260 |
_aUSA : _bQualcomm Incorporated, _c2004 |
||
| 300 |
_axviii, p (various pages). : _bill. ; _c26cm |
||
| 650 | _aCDMA | ||
| 942 |
_cBK _k621.3845 QUA |
||
| 999 |
_c8370 _d8370 |
||